000 00834nam a2200253 i 4500
001 107950
003 ES-MaACL
005 20250829080502.0
007 t|
008 070103s1970 sp ||||1| spa d
080 _a82-311.2"18"
100 1 _aTwain, Mark.
_9111791
245 1 4 _aLas Aventuras de Tom Sawyer /
_cMark Twain; prólogo de Julio Manegat; traducción de Ramón Strack.
260 _aEstella (Navarra) :
_bSalvat,
_c1970.
300 _a188 p. ;
_c19 cm.
490 1 _aBiblioteca básica Salvat de Libros RTV ;
_v42
655 0 _9234459
_aNovelas de acción y aventuras
700 1 _aManegat, Julio.
_975966
700 1 _aStrack, Ramón.
_9108357
830 0 0 _aBiblioteca básica Salvat de libros RTV
_v42
_9185398
852 _aES-MaACL
_jE-2963
_bR.69765
942 _2udc
999 _c107950
_d107950